000 00987nam a2200277 i 4500
001 bgj
100 1 _aHOLMAN, [Clarence] Hugh
_d(1914- )
245 1 0 _aA handbook to literature /
_cC. Hugh Holman ; William Harmon ; based on the original edition by William Flint Thrall and Addison Hibbard.
250 _a5th edition.
260 _aNew York :
_bMacmillan Publishing :
_bCollier Macmillan Publishers,
_cc. 1986
_aLondon.
300 _aVII, 647 pp ;
_c24 cm.
505 _aIncludes index.
650 9 _aLiterature
_xterminology
650 9 _aLiterary form
_xterminology
650 9 _aCriticism
_xterminology
650 9 _aEnglish language
_xTerms and phrases
700 1 _aTHRALL, William Flint
_d(1880-?).
_eco-author
700 1 _aHIBBARD, Addison.
_eco-author
700 1 _aHARMON, William
_d(1938- ).
_eco-author
020 _a0023564105 (pbk)
040 _cBPK
041 0 _aeng
920 _a0-02-356410-5 (pbk)
942 _cKS
008 s uk f |000 0 eng
999 _c47597
_d47597
856 _uhttp://koha.tu.koszalin.pl/cgi-bin/koha/opac-detail.pl?biblionumber=47597
_yKatalog online BPK